000
00275cam a22000857a 4500
008
180718b1968 xxu||||| |||| 00| 0 eng d
082
_a
W7x73 Un3r
245
_a
Final report: President's task force on communications policy
260
_a
Washington
_b
Government Printing Office
_c
1968
999
_c
498652
_d
498652